000 00606nam a2200229Ia 4500
003 OSt
005 20220918204258.0
006 a|||||r|||| 00| 0
007 ta
008 220917b |||||||| |||| 00| 0 eng d
024 _a111,869
037 _cTextual
040 _aARTS
_cARTS
_beng
041 _2eng
_aeng
082 _aV53:1:N5, 122K5
100 _aFiechter J J
_9111367
245 0 _aLa socialisme Francais
_b De l Affaire dreyfus a la grande guerre
260 _c1965
650 _aHISTORY
942 _hV53:1:N5, 122K5
_cTEXL
_2CC
999 _c235218
_d235218